On the Shores of Politics
Saved in:
| Main Author: | |
|---|---|
| Other Authors: | |
| Format: | Book |
| Language: | English |
| Published: |
London
Verso
2021
|
| Edition: | 1st Edition |
| Subjects: | |
| Tags: |
No Tags, Be the first to tag this record!
|
MARC
| LEADER | 00000nam a2200000 4500 | ||
|---|---|---|---|
| 001 | 0279039 | ||
| 005 | 20230118123850.8 | ||
| 020 | |a 978-1-78873-966-5 | ||
| 041 | 0 | |a eng | |
| 044 | |a GB | ||
| 245 | 1 | 0 | |a On the Shores of Politics |c Jacques Rancière ; Translation: Liz Heron |
| 250 | |a 1st Edition | ||
| 264 | 1 | |a London |b Verso |c 2021 | |
| 300 | |a 107 s. | ||
| 610 | 2 | 0 | |a politika |
| 610 | 2 | 0 | |a história |
| 610 | 2 | 0 | |a teórie politické |
| 610 | 2 | 0 | |a demokracia |
| 610 | 2 | 0 | |a filozofia |
| 610 | 2 | 0 | |a vedy spoločenské |
| 100 | 1 | |a Rancière, Jacques | |
| 700 | 1 | |a Heron, Liz | |